Kluby piłkarskie Nadrenii Północnej-Wesfalii - nagła śmierć - Statystyki

Ogólne statystyki
  • Ten quiz został rozwiązany 32 razy
  • Średni wynik to 8 z 16
Answers on the Grid
Answers color-coded by a green-red scale on the quiz's grid according to % correct below.
Preußen Münster
Bayer 04 Leverkusen
FC Schalke 04
Hallescher FC
VfL Bochum
SC Paderborn 07
Borussia Dortmund
VfL Osnabrück
Borussia Mönchengladbach
Rot-Weiss Essen
Karlsruher SC
Fortuna Düsseldorf
1. FC Köln
VfR Aalen
MSV Duisburg
Arminia Bielefeld
KFC Uerdingen 05
VfL Wolfsburg
Alemannia Aachen
TSV Havelse
SC Verl
FC Viktoria Köln
Werder Brema
SV Wehen Wiesbaden
 
Statystyki odpowiedzi
Odpowiedź % Poprawnych
Borussia Dortmund
85%
Bayer 04 Leverkusen
69%
FC Schalke 04
69%
1. FC Köln
62%
FC Viktoria Köln
62%
Fortuna Düsseldorf
62%
Borussia Mönchengladbach
54%
Rot-Weiss Essen
54%
VfL Bochum
54%
Arminia Bielefeld
46%
MSV Duisburg
46%
Alemannia Aachen
38%
Preußen Münster
38%
SC Paderborn 07
31%
SC Verl
15%
KFC Uerdingen 05
0%
Nie znaleziono quizów pasujących do podanych kryteriów
Rozkład punktacji
Procent ludzi z każdym wynikiem
Percentyl według liczby udzielonych odpowiedzi
Twoja historia wyników
Nie rozwiązałeś tego quizu